LEADER 00822nam a2200205 i 4500 001 000000007221 003 CaOOAMICUS 005 20180830125438.0 008 180830s1972 it u000 u ita u 040 $aSeMil$bita 100 1 $aSpadolini, Giovanni <1925-1994>.$0(OLS)http://semarc/name/3766 245 14$aGli uomini che fecero l'Italia /$cdi Giovanni Spadolini. 260 $aMilano :$bLonganesi,$c1972. 300 $a2 v. ;$c19 cm. 500 $aIn copertina : Tutta la storia dell'Italia moderna. 773 0 $tLibri pocket.$dMilano : Longanesi, 1965.$w()5064 774 0 $tNovecento.$kLibri pocket$gVolume2$w()89284 774 0 $tOttocento.$kLibri pocket$gVolume1$w()106471 996 $6245$aGli uomini che fecero l'Italia$9(OLS)http://semarc/title/9686 996 $6260$aMilano :$bLonganesi$9(OLS)http://semarc/publisher/30008 LEADER 01261nam a2200241 i 4500 001 000000048706 003 CaOOAMICUS 005 20121127000000.0 008 121127s1922 xx u000 u lat u 013 $a19876 040 $aSeMil$bita 245 10$aSynodus Dioecesana cremonensis :$bhabita diebus 13.-14.-15. septembris 1921 in ecclesia cathedrali a rev.mo episcopo Joanne Cazzani. 260 $aMediolani :$bEx Pontif. et Archiep. Typographia S. Joseph,$c1922. 300 $aXI, 232 p. ;$c25 cm. 650 4$aSinodi diocesani - Cremona.$0(OLS)http://semarc/subject/10185 650 4$aSinodi diocesani - Sec. 20.$0(OLS)http://semarc/subject/7606 700 1 $aCazzani, Giovanni .$0(OLS)http://semarc/name/24118 710 2 $aDiocesi di Cremona.$0(OLS)http://semarc/name/90584 850 $aSeMil 852 $aSeMil$W1$xVenegono$y1$m2J II 73$j14861$B14861$CSeMilBibl$Z2$F14861 $81 961 $aOmaggio: Biblioteca Seminario Duomo 996 $6245$aSynodus Dioecesana cremonensis :$bhabita diebus 13.-14.-15. septembris 1921 in ecclesia cathedrali a rev.mo episcopo Joanne Cazzani$9(OLS)http://semarc/title/73747 996 $6260$aMediolani :$bEx Pontif. et Archiep. Typographia S. Joseph$9(OLS)http://semarc/publisher/40324